| 000 | 00579nam a22001697a 4500 | ||
|---|---|---|---|
| 020 | _qHard Cover. | ||
| 082 | _a302.2 | ||
| 100 | _aZaheer, Aiza, | ||
| 245 |
_aVelo-Advertising Project / _cAiza Zaheer, Aniqa Iqbal, Hiba Rehman and Omair saleh Khan. |
||
| 260 |
_aIslamabad: _bS3H - NUST, _c2019. |
||
| 300 |
_a80 p. : _bill. ; _c30cm. |
||
| 650 |
_aMass Communication BS-Project Report. _927865 |
||
| 700 |
_aSalman Nasir. _927863 |
||
| 856 | _uhttp://10.250.8.41:8080/xmlui/handle/123456789/25895 | ||
| 942 |
_2ddc _cPR |
||
| 999 |
_c533857 _d533857 |
||